000 00281nam a2200133Ia 4500
100 _aSubramanian/N
942 _cBK
654 _aComputers
245 _aIntrod To Computers
260 _bTata McGraw Hill
_aNew Delhi
_c1986
082 _a1.6
300 _a234
546 _aENGLISH
999 _c31088
_d31088